000 01222nam a2200325 i 4500
001 178029
003 ES-MaACL
005 20250727022525.0
008 110513s2003 sp |||| | spa d
020 _a3905095262
080 _a113/119
100 1 _aOdermatt, Walter.
_9146517
245 1 3 _aLa nueva imagen del mundo
_b: el mundo exterior /
_cWalter Odermatt ; [traducido del alemán por Tihomir Pistelek].
246 3 8 _aCosmología.
_n1
250 _a1ª ed.
260 _aSarnen :
_bAnthropos AG,
_c2003- (
_e[Madrid] :
_fFranjograf)
300 _a216 p. ;
_c22 cm.
490 1 _aFilosofía ;
_v1
500 _aGlosario.
500 _aÍndice.
504 _aBibliografía: p. 192-193.
505 8 _aContiene: El Instituto de Investigación : ;
_tEl 'Instituto de Investigación Anthropos de Psicología Profunda y Síntesis de Ciencias de la Naturaleza y del Espíritu'
650 0 7 _aCosmología.
_911389
650 7 _aAntropología filosófica
_2embne
_99891
830 0 _aFilosofía ;
_v1
_9177836
852 _aES-MaACL
_9184888
_bR.144374
_jA-11169
_dOlim: N-4174
_cDEPO1
_xDonación: Editorial
942 _2udc
_cMONOGRAFIA
999 _c178029
_d178029